| 000 | 00447nam a22001937a 4500 | ||
|---|---|---|---|
| 005 | 20180809134414.0 | ||
| 008 | 180731b xxu||||| |||| 00| 0 eng d | ||
| 020 | _a9781549691355 | ||
| 040 | _aLoreto College | ||
| 041 | _aEnglish | ||
| 082 |
_aF _bBAJ |
||
| 100 | _aBajoria, Nita | ||
| 245 |
_aNot Woman _cNita Bajoria |
||
| 260 |
_a[s.n.] _b[s.n.] _c---- |
||
| 300 |
_a33 p. _b24 cm. |
||
| 650 | _aFiction | ||
| 850 | _aLCBED | ||
| 942 | _cBK | ||
| 999 |
_c41745 _d92224 |
||